000 01127pam a2200349 i 4500
999 _c1481
_d1481
001 016620524
003 Uk
005 20221230140251.0
008 140729s2014 stkab j 000 0 eng c
015 _aGBB412430
_2bnb
016 7 _a016620524
_2Uk
020 _a9780007563586 (pbk.) :
035 _a(StEdNL)5179497
040 _aStDuBDS
_beng
_cStDuBDS
_dStEdNL
_dKH8
_dUk
_erda
042 _aukscp
082 0 4 _a910 SCO
_223
100 1 _aScoffham, Stephen,
_eauthor.
245 1 0 _aPrimary geography.
_nPupil book 1 and 2,
_pWorld around us /
_cStephen Scoffham, Colin Bridge.
246 3 0 _aWorld around us
246 1 4 _aCollins primary geography.
_nPupil book 1 and 2,
_pWorld around us
264 1 _aGlasgow :
_bCollins,
_c[2014]
300 _a64 pages :
_billustrations (colour), maps (colour) ;
_c27 cm
336 _atext
_2rdacontent
336 _astill image
_2rdacontent
337 _aunmediated
_2rdamedia
338 _avolume
_2rdacarrier
500 _aTitle from caption.
500 _aFormerly CIP.
_5Uk
650 0 _aGeography
_vJuvenile literature.
700 1 _aBridge, Colin,
_eauthor.
942 _2ddc
_cNFIC